Miquel Navarro (Record no. 1558)
[ view plain ]
| 000 -LEADER | |
|---|---|
| campo de control de longitud fija | 01005nam a22001457a 4500 |
| 008 - DATOS DE LONGITUD FIJA--INFORMACIÓN GENERAL | |
| campo de control de longitud fija | 180718b xxu||||| |||| 00| 0 eng d |
| 020 ## - NÚMERO INTERNACIONAL ESTÁNDAR DEL LIBRO | |
| Número Internacional Estándar del Libro | 8448222857 |
| 082 ## - NÚMERO DE LA CLASIFICACIÓN DECIMAL DEWEY | |
| Número de clasificación | 707.4 |
| Número de ítem | B225m |
| 100 ## - ENTRADA PRINCIPAL--NOMBRE DE PERSONA | |
| Nombre de persona | De Barañano, Kosme |
| 9 (RLIN) | 6541 |
| 245 ## - MENCIÓN DEL TÍTULO | |
| Título | Miquel Navarro |
| 260 ## - PUBLICACIÓN, DISTRIBUCIÓN, ETC. | |
| Lugar de publicación, distribución, etc. | Valencia, España |
| Nombre del editor, distribuidor, etc. | Generalitat Valenciana |
| Fecha de publicación, distribución, etc. | 1999 |
| 300 ## - DESCRIPCIÓN FÍSICA | |
| Extensión | 221 p. |
| Otras características físicas | ill (col) |
| Dimensiones | 30 cm |
| 505 ## - NOTA DE CONTENIDO CON FORMATO | |
| Título | Escultura y fragmentación: La escultura del fin de Siglo / La fragmentación / La horizontalidad / La escala / El sentido del tacto / El paisaje urbano / Torso y monumento / El dibujo / Estructura y geometría / Construcción e instalación / Ciudad y siglo XX / Claves de la ciudad de Navarro |
| -- | El paisaje de la ciudad |
| -- | Antecedentes de la ciudad en el arte |
| -- | Composición y escultura: Desarrollo y despliegue / Organismo y composición / Poema de la construcción |
| -- | Biografía |
| -- | Obra en museos y colecciones públicas |
| 650 ## - PUNTO DE ACCESO ADICIONAL DE MATERIA--TÉRMINO DE MATERIA | |
| Fuente del encabezamiento o término | Arte contemporáneo |
| Subdivisión general | Arte - exhibiciones |
| -- | Arte - exhibiciones itinerantes |
| -- | Escultura |
| -- | Escultura - exhibiciones |
| 9 (RLIN) | 6542 |
| Estatus retirado | Estado de pérdida | Fuente del sistema de clasificación o colocación | Estado de daño | No para préstamo | Biblioteca de origen | Biblioteca actual | Ubicación en estantería | Fecha de adquisición | Total de préstamos | Signatura topográfica completa | Código de barras | Visto por última vez | Precio de reemplazo | Tipo de ítem Koha |
|---|---|---|---|---|---|---|---|---|---|---|---|---|---|---|
| Clasificación Decimal Dewey | Biblioteca LadoV | Biblioteca LadoV | 18/07/2018 | 707.4 B225m | 001094 | 18/07/2018 | 18/07/2018 | Material 01 |
